00767nam a22001937a 4500003000900000008004100009040007100050082001700121100001500138245004400153260004300197300002600240505020500266650002300471650001500494650002600509650001500535700002300550AR-CdUCM190228b ||||| |||| 00| 0 spa d aMUNICIPALIDAD PROVINCIAL DEL CUSCOcBIBLIOTECA MUNICIPAL DEL CUSCO a327.7 /bR96 aRusk, Dean aLos vientos de la libertad /cDean Rusk aMexico, D. F, :bLimusa- Wiley,c1964. a478 paginas ;c18 cm. aLos vientos de la libertad -- La naturaleza de la lucha mundial -- Nuestra estrategia positiva -- Los hombre, la administración y el servicio publico -- El comercio y la asociación Atlántica ... aPolítica mundial aMovimiento aRelaciones exteriores aPatrimonio aLindley, Ernest K.